| 000 | 01351cam a22002415a 4500 | ||
|---|---|---|---|
| 001 | L159037 | ||
| 008 | 151215s2015 xxk f 000 0 eng d | ||
| 035 | _a(Sirsi) u159037 | ||
| 041 | 0 | _aeng | |
| 110 | 2 |
_aJLL _96136 |
|
| 245 | 0 | 0 | _aBuilding Foundations $[ electronic resource] |
| 260 |
_aLondon _bJLL _c2015 |
||
| 520 | _aHighlights key factors driving the UK housing market including Help to Buy schemes, low interest rates and starter homes. Looks at risks to the economy such as EU Referendum, interest rate rises which could affect the residential property market from 2016 onwards as well as global ones outside the control of the UK government. Predicts house price growth of between 3-5% between 2016 and 2020. Predicts how the London residential property market will prosper as well as the private rented sector. Concludes with a five year regional housing market growth forecast. | ||
| 590 | _aKA | ||
| 650 | 2 | 4 | _aHELP-TO-BUY |
| 650 | 2 | 4 | _aSTARTER HOMES |
| 650 | 2 | 4 | _aINTEREST RATES |
| 650 | 2 | 4 | _aHOUSE PRICES |
| 651 | 4 |
_aUnited Kingdom _y |
|
| 690 |
_aResidential property _96266 |
||
| 856 | 4 | 0 |
_uhttps://residential.jll.co.uk/en-GB/new-residential-thinking-home/research/residential-forecast-report-building-foundations-november-2015.aspx _zView the item free of charge from the www.residential.jll.co.uk website. |
| 942 | _n0 | ||
| 999 |
_c115638 _d115638 |
||